Preposizioni italiane in 15 secondi - Statistics

Statistiche generali
  • Questo quiz è stato fatto 249 volte
    247 dall'ultimo reset
  • Il punteggio medio è 9 su 18
Statistiche sulle risposte
Preposizioni % Corretto
99%
98%
97%
95%
94%
94%
93%
93%
91%
7%
6%
4%
3%
1%
1%
1%
1%
1%
Nessun quiz corrispondente trovato
Distribuzione punteggi
Percentuale di utenti per punteggio
Percentile per numero di risposta
I tuoi punteggi nel tempo
Non hai fatto questo quiz dall'ultimo reset